| Поле | Инд. | ПП | Название | Значение |
|---|---|---|---|---|
| Тип записи | a | |||
| Библиографический уровень | m | |||
| 001 | Контрольный номер | RU/LIBMSTU/403713063 | ||
| 005 | Дата корректировки | 20160127104202.4 | ||
| 008 | Кодируемые данные | 121019|||||||||ru |||||||||||000|||rus|| | ||
| 020 | a | ISBN | 978-5-86185-688-1 | |
| 040 | b | Код языка каталог. | rus | |
| 041 | a | Код языка текста | rus | |
| 084 | a | Индекс другой классификации/Индекс ББК | 26.3 | |
| 090 | a | Полочн. индекс | 26.3 | |
| x | Авторский знак | Ч-60 | ||
| 100 | 1_ | a | Автор | Чикирёв И. В. |
| 110 | a | Организация/ юрисдикция | Мурманский государственный технический университет | |
| 245 | 10 | a | Заглавие | Основы геологии |
| b | Продолж. заглавия | учеб. пособие | ||
| c | Ответственность | Федер. агентство по рыболовству, ФГБОУ ВПО "Мурман. гос. техн. ун-т" | ||
| 260 | a | Место издания | Мурманск | |
| b | Издательство | Изд-во МГТУ | ||
| c | Дата издания | 2012 | ||
| 300 | a | Объем | 99 с. | |
| b | Иллюстрации/ тип воспроизводства | ил. | ||
| 500 | a | Примечание | Имеется электрон. аналог 2012 г. | |
| 504 | a | Библиография | Библиогр.: с. 94-95 | |
| 583 | x | Служебное примечание | Труды преподавателей МГТУ | |
| 650 | a | Основная рубрика | Геология-Учебные издания для высших учебных заведений | |
| 653 | a | Ключевые слова | Геология; Горные породы; Движение Земли; Земля; Литосфера; Минералы; Солнечная система; Состав Земли; Строение Земли; Физические свойства Земли; Формы и размеры Земли | |
| 700 | a | Другие авторы | Сушков А. В. | |
| 901 | t | Тип документа | m | |
| 952 | b | Гриф литературы для ВШ | Допущено Ученым советом МГТУ | |
| c | Вид литературы | учебное пособие |